000 01314cam a2200289 4500
001 M1619
008 090401t1994 xxu||||| |||| 00| 0 eng d
035 _a(Sirsi) u33356
041 _aeng
050 _a333.1
110 _aAIC Conferences Ltd.
_91578
245 _aGovernment property management summit.
260 _aLondon
_bAIC Conferences Ltd.
_c1994
300 _a1v. (loose-leaf) ; 30cm.
350 _a0
520 _aPapers given at the Park Lane Hotel, London, 10-11th October 1994 include: R. Swanston: Future Directions for Government Property Managers and Advisors. / J.C. Locke: Estates Issues Within a Changing NHS. / N. Griffiths: Developing and Implementing Sucessful Government Property Management Strategies. / D.P. King: Compulsory Competitive Tendering: Outsourcing of Local Government Property: A Contractors View. / G. Bloor: Important Issues for the Private Sector: Acting as Landlord to the Government. / A.L. Dawson: Private Finance: a Government Property Perspective.
650 _aCCT
650 _aCOMPULSORY COMPETITIVE TENDERING
650 _aCONFERENCES
650 _aGOVERNMENT PROPERTY
650 _aNHS ESTATES
650 _aPRIVATE FINANCE
650 _aProperty management
_96262
690 _aPROPERTY LAW AND PRACTICE
942 _n0
948 _c04/03/1997
999 _c89794
_d89794